| 000 | 00349nam a2200145Ia 4500 | ||
|---|---|---|---|
| 005 | 20251222152620.0 | ||
| 008 | 251222s9999||||xx |||||||||||||| ||spa|| | ||
| 020 | _a9788498003550 | ||
| 082 | _a823.92/P31 | ||
| 100 | _aPavlou, Stel | ||
| 245 | 0 | _aEl Códice de la Atlántida | |
| 250 | _a4ta.ed. | ||
| 264 | _bLa Factoría de Ideas | ||
| 942 | _cLIB | ||
| 999 |
_c27320 _d27320 |
||